Normal view
MARC view
Entry Personal Name
001 - CONTROL NUMBER
- control field: 6407
003 - CONTROL NUMBER IDENTIFIER
- control field: OSt
005 - DATE AND TIME OF LATEST TRANSACTION
- control field: 20211105132755.0
008 - FIXED-LENGTH DATA ELEMENTS
- fixed length control field: 211105|| aca||aabn | a|a d
040 ## - CATALOGING SOURCE
- Original cataloging agency: OSt
- Transcribing agency: OSt
100 ## - HEADING--PERSONAL NAME
- Personal name: Arthur, J. B., tr
670 ## - SOURCE DATA FOUND
- Source citation: Work cat.: (OSt): David, Pierre 6406, Propagation of waves, 1969